| 000 | 00368 a2200145 4500 | ||
|---|---|---|---|
| 005 | 20250629161105.0 | ||
| 020 | _a0-7879-7749-7 | ||
| 082 | _a658.31243 LAW | ||
| 100 | _aLAWSON, K | ||
| 245 | _aThe Trainer's Handbook | ||
| 250 | _a2nd Ed. | ||
| 260 |
_aNew York, _bUSA, _c2006. |
||
| 300 |
_axv.; 314p.; figure.; table, _bReferences & Index, _c24cm. |
||
| 942 |
_2ddc _cBKS |
||
| 999 |
_c5440 _d5440 |
||